LEADER 01318nam0 22003133i 450 001 SUN0105479 005 20160517022435.984 010 $a88-8013-068-4$d0.00 100 $a20160516d1994 |0itac50 ba 101 $aita 102 $aIT 105 $a|||| ||||| 200 1 $a*Prontuario per calcoli finanziari e attuariali$econ le tavole per i programmatori$fLuigi Brasca$ga cura di Cesare Brasca e Eugenio Levi 205 $a31 ed 210 $aMilano$cGhisetti e Corvi$d1994 215 $a511 p.$d24 cm. 606 $aCalcolo finanziario$xProntuari$2EC$3SUNC032407 620 $dMilano$3SUNL000284 676 $a650.01513$cDirezione aziendale e servizi ausiliari. Aritmetica commerciale$v20 700 1$aBrasca$b, Luigi$3SUNV082030$036134 702 1$aBrasca$b, Cesare$3SUNV082031 702 1$aLevi$b, Eugenio$f1913-1969$3SUNV082032 712 $aGhisetti e Corvi$3SUNV009806$4650 801 $aIT$bSOL$c20181109$gRICA 912 $aSUN0105479 950 $aUFFICIO DI BIBLIOTECA DEL DIPARTIMENTO DI ECONOMIA$d03 PREST VBc9 $e03 32345 995 $aUFFICIO DI BIBLIOTECA DEL DIPARTIMENTO DI ECONOMIA$bIT-CE0106$h32345$kPREST VBc9$op$qa 996 $aProntuario per calcoli finanziari e attuariali$9197822 997 $aUNICAMPANIA LEADER 01119cam0 22003133 450 001 SON0000148 005 20201221085205.0 010 $a8843001027 100 $a20000328d1998 |||||ita|0103 ba 101 $aita 102 $aIT 200 1 $aApprendere nelle organizzazioni$eProposte per la crescita cognitiva in età adulta$fDuccio Demetrio$gDonata Fabbri$gSilvia Gherardi$gA cura di Duccio Demetrio 205 $a3a rist 210 $aRoma$cCarocci Editore$d1998 215 $a268 p.$d22 cm 225 2 $aStudi superiori$v183 410 1$1001SOBE00016801$12001 $a*Studi superiori$v183 700 1$aDemetrio$b, Duccio$3AF00003214$4070$0118950 702 1$aFabbri, Donata$3AF00015019$4070 702 1$aGherardi, Silvia$3AF00013390$4070 801 0$aIT$bUNISOB$c20201221$gRICA 850 $aUNISOB 852 $aUNISOB$j150$m101273 912 $aSON0000148 940 $aM 102 Monografia moderna SBN 941 $aM 957 $a150$b001382$gSI$d101273$racquisto$1carrano$2UNISOB$3UNISOB$420110620110457.0$520110620110531.0$6carrano 996 $aApprendere nelle organizzazioni$91732128 997 $aUNISOB